| 000 | 00791nam a22002537a 4500 | ||
|---|---|---|---|
| 005 | 20170123162339.0 | ||
| 010 | _aA-949174 | ||
| 020 | _c25.00 | ||
| 035 | _aA-949174 | ||
| 037 | _bCen Lib/Ret | ||
| 040 |
_aDPL _bUR |
||
| 082 |
_a841 _bق ے ص |
||
| 100 |
_aقیصر شمیم _9126107 |
||
| 245 |
_aپہاڑ کاٹتے ہے / _cقیصر شمیم |
||
| 246 |
_aPahar kaatete huye / _bby Qaisar Shameem |
||
| 260 |
_bعرفان گر افکس _aہورا _c2004 |
||
| 270 |
_a١٠ ھم گھوش لیں شب پر _bہورا |
||
| 300 |
_a160p. _c21cm(Hb) |
||
| 650 |
_aادب -- اردو _9126108 |
||
| 650 |
_aاردو غزل _9126109 |
||
| 650 |
_aLiterature -- Marathi _9123100 |
||
| 650 |
_aMarathi poetry _9126110 |
||
| 942 |
_2ddc _cUR _h841 _mق ے ص |
||
| 999 |
_c108352 _d108352 |
||